| 000 | 00587nam a2200181Ia 4500 | ||
|---|---|---|---|
| 008 | 151202s9999||||xx |||||||||||||| ||und|| | ||
| 082 | _bPNVM-49117 | ||
| 100 | _aअकोळकर अविनाश. | ||
| 245 | _aतीन एक्के. | ||
| 260 | _b"अभिनंदन प्रकाशन, कोल्हापूर." | ||
| 260 | _c2013 | ||
| 300 | _a296 | ||
| 600 | _aअकोळकर अविनाश. | ||
| 630 | _aतीन एक्के. | ||
| 700 | _aअकोळकर अविनाश. | ||
| 730 | _aतीन एक्के. | ||
| 942 | _cBOOK | ||
| 999 |
_c1315014 _d1315011 |
||